Slovinská loď nabrala správny smer

Súčasná politická a ekonomická stabilita Slovinska. Pozoruhodné makro- i mikroekonomické výsledky. Hlavné národohospodárske ukazovatele. Urýchlenie ekonomického rastu. Liberalizácia zahraničného obchodu. Naďalej jednomiestna miera inflácie. Pokroky v daňovej reforme. Zavedenie "kurátorských" kont. A...

Descrizione completa

Salvato in:
Dettagli Bibliografici
Autore principale: Machala, Peter
Natura: Capitolo di libro
Lingua:slovacco
Soggetti:
Tags: Aggiungi Tag
Nessun Tag, puoi essere il primo ad aggiungerne!!

MARC

LEADER 00000naa a2200000 4500
001 r027474
005 20230824091317.3
041 0 |a slo 
044 |a SK 
245 1 0 |a Slovinská loď nabrala správny smer  |c Peter Machala 
520 |a Súčasná politická a ekonomická stabilita Slovinska. Pozoruhodné makro- i mikroekonomické výsledky. Hlavné národohospodárske ukazovatele. Urýchlenie ekonomického rastu. Liberalizácia zahraničného obchodu. Naďalej jednomiestna miera inflácie. Pokroky v daňovej reforme. Zavedenie "kurátorských" kont. Aktuálny vývoj v Slovinsku. 
610 2 0 |a Slovinsko 
610 2 0 |a 1994-1998 
610 2 0 |a situácia hospodárska 
610 2 0 |a stabilita hospodárstva 
610 2 0 |a stabilita politická 
610 2 0 |a rast hospodársky 
610 2 0 |a ukazovatele NH 
610 2 0 |a liberalizácia 
610 2 0 |a obchod zahraničný 
610 2 0 |a reformy daňové 
100 1 |a Machala, Peter